Đặc điểm nghệ thuật thơ văn Nguyễn Công Trứ
Nguyễn Công Trứ sinh ra và lớn lên trong bối cảnh lịch sử đất nước chứa đựng nhiều giông bão nhưng tâm của ông có thể nói là bất biến giữa dòng đời luôn biến ấy. Vẫn giữ được tính cách của người anh hùng dù bao biến cố xãy đến, Nguyễn Công Trứ đã khẳng định một cách mạnh mẽ chí khí của mình khi đứng...
שמור ב:
| מחבר ראשי: | |
|---|---|
| מחברים אחרים: | |
| פורמט: | ספר |
| שפה: | Vietnamese |
| יצא לאור: |
Đà Nẵng
Trường Đại học Sư phạm
6/2011
|
| סדרה: | Khóa luận tốt nghiệp ĐH. Chuyên ngành: Cử nhân Văn học
|
| נושאים: | |
| תגים: |
הוספת תג
אין תגיות, היה/י הראשונ/ה לתייג את הרשומה!
|
| Thư viện lưu trữ: | Mạng thư viện Đại học Đà Nẵng |
|---|
| LEADER | 01741nam a2200349 4500 | ||
|---|---|---|---|
| 001 | 000011162 | ||
| 003 | 7394 | ||
| 005 | 20120202100252.0 | ||
| 008 | 120202s6/20 viesd | ||
| 041 | |a vie | ||
| 072 | |a Khóa luận tốt nghiệp | ||
| 082 | |a 895.9221 |b NG-H | ||
| 100 | |a Ngô,Thị Hương | ||
| 245 | |a Đặc điểm nghệ thuật thơ văn Nguyễn Công Trứ |c Ngô,Thị Hương; Người hướng dẫn Lương Ngọc Hà | ||
| 260 | |a Đà Nẵng |b Trường Đại học Sư phạm |c 6/2011 | ||
| 300 | |a 71 tr. |c 29 cm. | ||
| 490 | |a Khóa luận tốt nghiệp ĐH. Chuyên ngành: Cử nhân Văn học | ||
| 500 | |a Tham khảo tr.70-tr.71 | ||
| 520 | |a Nguyễn Công Trứ sinh ra và lớn lên trong bối cảnh lịch sử đất nước chứa đựng nhiều giông bão nhưng tâm của ông có thể nói là bất biến giữa dòng đời luôn biến ấy. Vẫn giữ được tính cách của người anh hùng dù bao biến cố xãy đến, Nguyễn Công Trứ đã khẳng định một cách mạnh mẽ chí khí của mình khi đứng trong trời đất | ||
| 653 | |a Khóa luận tốt nghiệp Đại học | ||
| 653 | |a Khoa Ngữ Văn | ||
| 700 | |a Lương.Ngọc Hà |c Th.S |e Hướng dẫn | ||
| OWN | |a LSP | ||
| AVA | |a UDN50 |b LSP |d 895.9221 NG-H |e available |t Error 5001 Not defined in file expand_doc_bib_avail. |f 1 |g 0 |h N |i 0 |k 1 | ||
| 999 | |a From the UDN01 | ||
| AVA | |a UDN50 |b LSP |d 895.9221 NG-H |e available |t Error 5001 Not defined in file expand_doc_bib_avail. |f 1 |g 0 |h N |i 0 |k 1 | ||
| TYP | |a Monograph | ||
| TYP | |a Printed language | ||
| 980 | |a Mạng thư viện Đại học Đà Nẵng | ||